000 00645nam a2200205Ii 4500
003 JO-AjNU
008 230605s9999||||xx |||||||||||||| ||und||
040 _aJO-AjNU
_bara
_erda
_cJO-AjNU
041 _aara
050 1 4 _aDS35.62.A8364.2005
100 3 _aالاشقر،عمر سليمان عبدالله,
_eauthor
_930562
245 0 0 _aنحو ثقافة إسلامية أصيلة
250 _aط12
264 3 1 _aعمان:دار النفائس،2005
300 _a375ص
336 _atext
_btxt
_2rdacontent
337 _aunmediated
_bn
_2rdamedia
338 _avolume
_bnc
_2rdacarrier
650 4 _aالثقافة الاسلامية
_930563
999 _aA12130
_c15698
_d15698